Super Mario Odyssey 1p Any% World Record History - Statistics

General Stats
  • This quiz has been taken 38 times
  • The average score is 54 of 97
Answer Stats
Date Player Time % Correct
February 2 2018 Nicro 1:04:20
92%
March 6 2018 Nicro 1:03:33
92%
March 26 2018 Nicro 1:03:29
92%
March 31 2018 Nicro 1:03:28
92%
April 3 2018 Nicro 1:03:19
92%
April 12 2018 Nicro 1:03:16
92%
April 17 2018 Nicro 1:03:00
92%
April 20 2018 Nicro 1:02:48
92%
June 9 2018 Nicro 1:02:19
92%
July 26 2018 Nicro 1:01:46
92%
September 26 2018 Nicro 1:01:07
92%
February 11 2019 Nicro 1:00:11
92%
February 21 2019 Nicro 1:00:09
92%
March 23 2019 Nicro 59:59
92%
June 8 2019 Tyron18 59:32
77%
September 19 2019 Tyron18 59:09
77%
September 29 2019 Tyron18 59:05.133
77%
October 1 2019 Tyron18 59:02
77%
October 12 2019 Tyron18 58:59
77%
October 14 2019 Tyron18 58:47
77%
February 28 2020 Tyron18 58:36
77%
March 8 2020 Tyron18 58:34
77%
April 8 2020 Tyron18 58:23
77%
May 24 2020 Tyron18 58:11
77%
January 15 2021 Tyron18 57:46
77%
April 7 2021 Tyron18 57:43
77%
April 28 2021 Tyron18 57:38
77%
July 31 2018 LilKirbs 1:01:42
58%
August 29 2018 LilKirbs 1:01:21
58%
February 22 2019 LilKirbs 1:00:00
58%
July 10 2019 Mitch 59:14
58%
February 15 2020 Mitch 58:42
58%
February 16 2020 Mitch 58:39
58%
March 13 2020 Mitch 58:33
58%
April 11 2020 Mitch 58:20
58%
April 25 2020 Mitch 58:13
58%
July 27 2020 Mitch 57:54
58%
February 25 2021 Mitch 57:44
58%
April 30 2021 Mitch 57:35
58%
November 3 2017 Vallu 1:16:17
54%
November 4 2017 Vallu 1:15:12
54%
November 5 2017 Vallu 1:13:46
54%
November 6 2017 Vallu 1:12:55
54%
November 7 2017 Vallu 1:11:48
54%
November 9 2017 Vallu 1:10:43
54%
November 11 2017 Vallu 1:09:17
54%
November 21 2017 Vallu 1:08:07
54%
November 28 2017 Vallu 1:07:06
54%
January 10 2018 Vallu 1:04:50
54%
October 15 2018 Chaospringle 1:00:58
50%
October 17 2018 Chaospringle 1:00:55
50%
November 13 2018 Chaospringle 1:00:52
50%
November 16 2018 Chaospringle 1:00:44
50%
November 19 2018 Chaospringle 1:00:41
50%
December 27 2018 Chaospringle 1:00:34
50%
January 7 2019 Chaospringle 1:00:31
50%
January 8 2019 Chaospringle 1:00:24
50%
February 10 2019 Chaospringle 1:00:20
50%
April 1 2019 Chaospringle 50:58
50%
April 13 2019 Chaospringle 59:57,677
50%
April 15 2019 Chaospringle 59:57.177
50%
May 7 2019 Chaospringle 59:35
50%
June 9 2019 Chaospringle 59:31
50%
July 8 2019 Chaospringle 59:30
50%
May 3 2019 goryuya 59:46.249
50%
November 27 2017 nedeahS 1:07:39
50%
November 30 2017 nedeahS 1:06:51
50%
December 4 2017 nedeahS 1:06:46
50%
December 6 2017 nedeahS 1:06:12
50%
December 9 2017 nedeahS 1:05:35
50%
December 19 2017 nedeahS 1:05:14
50%
January 11 2018 nedeahS 1:04:48
50%
January 25 2018 nedeahS 1:04:43
50%
March 2 2018 nedeahS 1:03:58
50%
March 5 2018 nedeahS 1:03:47
50%
November 16 2017 Samura1man 1:08:48
46%
October 30 2017 IMtendo 1:24:28
31%
October 31 2017 IMtendo 1:23:29
31%
November 1 2017 IMtendo 1:19:39
31%
November 2 2017 IMtendo 1:18:15
31%
November 10 2017 iwabi74 1:10:22
27%
November 20 2017 iwabi74 1:08:32
27%
November 25 2017 iwabi74 1:07:55
27%
December 2 2018 Equanimity 1:00:38
23%
October 27 2017 MonkeyKingHero 1:53:46
23%
October 29 2017 MonkeyKingHero 1:34:29
23%
April 30 2018 Suisaiga 1:02:46
23%
May 5 2018 Suisaiga 1:02:32
23%
May 9 2018 Suisaiga 1:02:31
23%
May 21 2018 Suisaiga 1:02:30
23%
June 27 2018 Suisaiga 1:02:15
23%
July 5 2018 Suisaiga 1:02:05
23%
July 8 2018 Suisaiga 1:02:02
23%
July 9 2018 Suisaiga 1:02:01
23%
July 13 2018 Suisaiga 1:01:57
23%
August 5 2018 Suisaiga 1:01:34
23%
August 19 2018 Suisaiga 1:01:28
23%
No matching quizzes found
Score Distribution
Percent of People with Each Score
Percentile by Number Answered
Your Score History
You have not taken this quiz